[Event "Oakham Young Masters"]
[Site "Oakham"]
[Date "1984.04.11"]
[Round "4.14"]
[White "Kozul, Zdenko"]
[Black "Ostenstad, Berge"]
[Result "1-0"]
[WhiteElo "2405"]
[BlackElo "2310"]
[PlyCount "63"]
[EventDate "1984.04.08"]
[EventType "swiss"]
[EventRounds "9"]
[EventCountry "ENG"]
[SourceTitle "BritBase"]
[Source "John Saunders"]
[SourceDate "2023.08.08"]
[SourceVersion "1"]
[SourceVersionDate "2023.08.08"]
[SourceQuality "1"]

1. d4 d5 2. Bf4 Nf6 3. e3 g6 4. Nf3 Bg7 5. Be2 O-O 6. O-O c5 7. c3 b6 8. a4 a5
9. h3 Ba6 10. Na3 Bxe2 11. Qxe2 Nbd7 12. Nb5 Qc8 13. Rfd1 Qb7 14. Ne5 Rac8 15.
Qf3 Rfd8 16. g4 Nxe5 17. dxe5 Ne4 18. h4 f6 19. e6 g5 20. Bg3 gxh4 21. Bxh4 Bh6
22. Kg2 Kh8 23. c4 Bg5 24. cxd5 Bxh4 25. Qxe4 Rg8 26. f3 Rg5 27. Rh1 Re5 28.
Qc2 Qxd5 29. Rxh4 f5 30. Rah1 Rxe3 31. Rxh7+ Kg8 32. Qxf5 {source: bulletin}
1-0

[Event "Oakham Young Masters"]
[Site "Oakham"]
[Date "1984.04.11"]
[Round "4.15"]
[White "D'Amore, Carlo"]
[Black "Lane, Gary William"]
[Result "1-0"]
[WhiteElo "2310"]
[BlackElo "2310"]
[PlyCount "49"]
[EventDate "1984.04.08"]
[EventType "swiss"]
[EventRounds "9"]
[EventCountry "ENG"]
[SourceTitle "BritBase"]
[Source "John Saunders"]
[SourceDate "2023.08.08"]
[SourceVersion "1"]
[SourceVersionDate "2023.08.08"]
[SourceQuality "1"]

1. Nf3 f5 2. d4 Nf6 3. Bg5 e6 4. Nbd2 Be7 5. Bxf6 Bxf6 6. e4 fxe4 7. Nxe4 O-O
8. Bd3 b6 9. c3 Bb7 10. Qc2 h6 11. h4 c5 12. Neg5 Re8 13. Bg6 cxd4 14. Bf7+ Kf8
15. Bxe8 Qxe8 16. Nh7+ Kg8 17. Nxf6+ gxf6 18. Nxd4 Na6 19. Rh3 f5 20. O-O-O Nc5
21. Nb5 Qe7 22. Qd2 Qh7 23. Rg3+ Kf8 24. Qd6+ Kf7 25. Qxd7+ {source: bulletin}
1-0

[Event "Oakham Young Masters"]
[Site "Oakham"]
[Date "1984.04.11"]
[Round "4.16"]
[White "Bradbury, Neil H"]
[Black "Howell, James C"]
[Result "0-1"]
[WhiteElo "2395"]
[BlackElo "2320"]
[PlyCount "86"]
[EventDate "1984.04.08"]
[EventType "swiss"]
[EventRounds "9"]
[EventCountry "ENG"]
[SourceTitle "BritBase"]
[Source "John Saunders"]
[SourceDate "2023.08.08"]
[SourceVersion "1"]
[SourceVersionDate "2023.08.08"]
[SourceQuality "1"]

1. d4 Nf6 2. c4 g6 3. Nc3 Bg7 4. e4 d6 5. Nf3 O-O 6. Be2 e5 7. Be3 Nbd7 8. O-O
h6 9. d5 Ng4 10. Bd2 f5 11. Ne1 Ngf6 12. exf5 gxf5 13. f4 Nc5 14. Nd3 Nxd3 15.
Bxd3 Ng4 16. Be2 exf4 17. Bxf4 a6 18. h3 Ne5 19. Qd2 Qh4 20. a4 Bd7 21. Ra3
Rae8 22. a5 Rf7 23. Rb3 Bc8 24. Rf2 Rfe7 25. Bf1 Kh7 26. Nd1 Ng6 27. Rbf3 Nxf4
28. Rxf4 Qh5 29. R4f3 Kh8 30. Ne3 f4 31. Nc2 Be5 32. b4 Rg7 33. Kh1 Reg8 34.
Ne1 Bf5 35. Nd3 Be4 36. Nxf4 Qh4 37. Rb3 Rg3 38. Rxg3 Rxg3 39. Kg1 Qg5 40. Qe2
Bxf4 41. Qxe4 Be3 42. Qe8+ Qg8 43. Qe7 Rf3 {source: bulletin} 0-1

[Event "Oakham Young Masters"]
[Site "Oakham"]
[Date "1984.04.11"]
[Round "4.17"]
[White "Ardaman, Miles"]
[Black "Klinger, Josef"]
[Result "0-1"]
[WhiteElo "2240"]
[BlackElo "2310"]
[PlyCount "44"]
[EventDate "1984.04.08"]
[EventType "swiss"]
[EventRounds "9"]
[EventCountry "ENG"]
[SourceTitle "BritBase"]
[Source "John Saunders"]
[SourceDate "2023.08.08"]
[SourceVersion "1"]
[SourceVersionDate "2023.08.08"]
[SourceQuality "1"]

1. e4 c5 2. Nf3 d6 3. d4 cxd4 4. Nxd4 Nf6 5. Nc3 a6 6. f4 e5 7. Nf3 Nbd7 8. a4
Be7 9. Bc4 O-O 10. O-O Qb6+ 11. Kh1 exf4 12. Bxf4 Qxb2 13. Qe1 Qb4 14. Bd5 Qc5
15. Rd1 Nb6 16. Bb3 Bg4 17. a5 Rac8 18. e5 dxe5 19. Bxe5 Bxf3 20. Rxf3 Qxa5 21.
Rd4 Rce8 22. Rdf4 Nbd7 {source: bulletin} 0-1

[Event "Oakham Young Masters"]
[Site "Oakham"]
[Date "1984.04.11"]
[Round "4.19"]
[White "Grivas, Efstratios"]
[Black "Needham, Teresa M"]
[Result "1-0"]
[WhiteElo "2375"]
[BlackElo "2100"]
[PlyCount "97"]
[EventDate "1984.04.08"]
[EventType "swiss"]
[EventRounds "9"]
[EventCountry "ENG"]
[SourceTitle "BritBase"]
[Source "John Saunders"]
[SourceDate "2023.08.08"]
[SourceVersion "1"]
[SourceVersionDate "2023.08.08"]
[SourceQuality "1"]

1. d4 d5 2. c4 e6 3. Nf3 Nf6 4. Nc3 Be7 5. Bg5 O-O 6. e3 Nbd7 7. cxd5 Nxd5 8.
Bxe7 Qxe7 9. Bd3 b6 10. Nxd5 exd5 11. O-O Nf6 12. Qa4 Bd7 13. Qa6 c5 14. Qa3
Rfe8 15. dxc5 bxc5 16. Rac1 c4 17. Qxe7 Rxe7 18. Bc2 Rb8 19. b3 Rb6 20. Nd4 Be6
21. Rfd1 g6 22. f3 Ra6 23. Bb1 Nd7 24. Kf2 Kg7 25. Rd2 Rb6 26. Rc3 Ne5 27. h3
cxb3 28. axb3 Ra6 29. Bd3 Ra1 30. Bb5 Rb7 31. f4 Nd7 32. Bxd7 Bxd7 33. Rc5 Be6
34. Rc6 Bd7 35. Rc5 Be6 36. Rdc2 Ra3 37. Rc7 Rb6 38. Re7 Raxb3 39. Nxb3 Rxb3
40. Rcc7 Kf6 41. Rxa7 Rb2+ 42. Kf3 h5 43. g4 hxg4+ 44. hxg4 Rb6 45. g5+ Kg7 46.
Re8 Rd6 47. Raa8 f6 48. Re7+ Bf7 49. Raa7 {source: bulletin} 1-0

[Event "Oakham Young Masters"]
[Site "Oakham"]
[Date "1984.04.12"]
[Round "5.1"]
[White "Murshed, Niaz"]
[Black "Dlugy, Maxim"]
[Result "1/2-1/2"]
[WhiteElo "2410"]
[BlackElo "2460"]
[PlyCount "27"]
[EventDate "1984.04.08"]
[EventType "swiss"]
[EventRounds "9"]
[EventCountry "ENG"]
[SourceTitle "BritBase"]
[Source "John Saunders"]
[SourceDate "2023.08.08"]
[SourceVersion "1"]
[SourceVersionDate "2023.08.08"]
[SourceQuality "1"]

1. d4 d5 2. c4 dxc4 3. Nc3 a6 4. e3 Nf6 5. Bxc4 e6 6. Nf3 c5 7. O-O b5 8. Bb3
Bb7 9. Qe2 Be7 10. Rd1 O-O 11. a3 Qc7 12. Bc2 Nc6 13. Ne4 Nxe4 14. Bxe4 {
source: bulletin} 1/2-1/2

[Event "Oakham Young Masters"]
[Site "Oakham"]
[Date "1984.04.12"]
[Round "5.2"]
[White "Short, Nigel D"]
[Black "Gallagher, Joseph G"]
[Result "0-1"]
[WhiteElo "2500"]
[BlackElo "2260"]
[Annotator "Nunn, John"]
[PlyCount "64"]
[EventDate "1984.04.08"]
[EventType "swiss"]
[EventRounds "9"]
[EventCountry "ENG"]
[SourceTitle "BritBase"]
[Source "John Saunders"]
[SourceDate "2023.08.08"]
[SourceVersion "1"]
[SourceVersionDate "2023.08.08"]
[SourceQuality "1"]

1. e4 c5 2. Nf3 d6 3. d4 cxd4 4. Nxd4 Nf6 5. Nc3 a6 6. f4 Qc7 (6... e5 7. Nf3
Nbd7 8. a4 Be7 9. Bd3 O-O 10. O-O Qc7 11. Nh4 g6 12. f5 d5 13. exd5 Nxd5 {
was Gallagher's innovation which he had used before, including his earlier
game v Pia Cramling (q.v.). He wisely decided not to repeat his play of the
earlier game.}) 7. a4 g6 (7... Nc6 {must be critical, with the idea of
reaching a type of Scheveningen by a later ...e6, but Black decides to
transpose to a sort of Dragon.}) 8. Be2 Bg7 9. Be3 O-O 10. O-O (10. Nb3 {
is also possible, with the idea of answering} Nc6 {by} 11. a5 {. In this case
Black should develop his knight at d7 instead.}) 10... Nc6 11. Nb3 ({White
would like to gain space with a timely Nd5, but if} 11. Nd5 {Black can win a
pawn by exchanging at a5 and d4.}) 11... Na5 ({Black must prevent White's
positional threat of a5 and} 11... b6 {is doubtful on account of} 12. Nd5 {
. Gallagher’s move is therefore positionally logical and its merit depends
on whether or not White can refute it tactically by e5.}) 12. e5 $6 ({Short
takes up the challenge but, al­though it looks promising, appearances are
deceptive and White is struggling to hold the game after this move. This
comment is based entirely on hindsight!} 12. Nxa5 {was objectively better, but
only leads to an equal position, so White needs an earlier improvement to gain
an advantage.}) 12... dxe5 13. fxe5 Rd8 ({Forced, since} 13... Qxe5 14. Bf4 Qf5
15. Bd3 {wins a piece.}) 14. exf6 ({Also forced.} 14. Qe1 Nxb3 15. exf6 Nxa1
16. fxg7 Nxc2 {and}) (14. Qb1 Ng4 {are fine for Black.}) 14... Rxd1 15. Raxd1
Bxf6 ({This is far more natural than the other recapture, since it gives the
king a flight square at g7, but in post-mortem analy­sis we were unable to
refute} 15... exf6 16. Nd5 Qxc2 {, for example} 17. Nxa5 (17. Nb6 Qxe2 18. Rfe1
({or if} 18. Rd8+ Bf8 19. Bh6 {in this line, then} Bh3 $1) 18... Qxe1+ 19. Rxe1
Nxb3 20. Nxa8 f5 21. Rd1 Bf6 {with an unclear ending}) 17... Qxe2 18. Rfe1 ({or
} 18. Ne7+ Kf8 19. Bc5 Be6 $1 20. Nc8+ Ke8 21. Nd6+ Kf8 {and White has nothing
better than a draw by perpetual check}) 18... Qh5 19. Ne7+ (19. Nb6 Qxa5 20.
Rd8+ Bf8 {fails as e1 is attacked}) 19... Kf8 20. Rd5 (20. Rd8+ Kxe7 21. Bb6+
Be6 22. Rxa8 {is unclear}) 20... Be6 $1 ({not} 20... Bf5 21. Bc5 {winning}) 21.
Rxh5 gxh5 22. Bc5 b6 {with an in­teresting ending in which Black's active
bishops compensate for his broken pawn structure.}) 16. Nd5 Qxc2 17. Nxf6+ ({
White's task is far harder than Black’s, since at each move he must make a
dif­ficult decision while Black’s replies are mostly forced. Here he had
the alterna­tive} 17. Nxa5 Qxe2 18. Rd2 (18. Nxf6+ exf6 19. Rd8+ Kg7 20. Bd4
b6 $1 21. Bxf6+ Kh6 22. Rd4 g5 23. Nc6 Bb7 {and Black defends after} 24. Be5 ({
or} 24. Rd6 Rc8 $1) 24... Bxc6 25. Rf6+ Kg7) 18... Qh5 $1 {(Black must attack
a5)} 19. Rxf6 (19. Nc7 {aims for} Qxa5 ({but} 19... Be6 $1 20. Nxa8 Qxa5 {
gives Black a very good position}) 20. Rd8+ Kg7 21. Ne8+ {with a draw}) 19...
Be6 $1 20. Nxe7+ Kf8 21. Nxb7 Kxe7 22. Rf1 (22. Rf4 Rc8 {is worse}) 22... Kf8
$1 (22... Rc8 23. b4 Kf8 24. Nc5 {offers White more counterplay because} Re8 $2
({and} 24... Bc4 $2 25. Rf4) 25. Ne4 {are even dangerous for Black}) 23. Nc5
Bf5 24. Nd7+ Bxd7 25. Rxd7 g5 {and, after an exchange on f7 (possibly not
immediately), Black has a favourable ending, although to convert this into a
win is no easy task.}) 17... exf6 18. Rd8+ Kg7 19. Bc5 h5 20. Bd1 (20. Bd4 Bf5
{and 20 Be7 Bf5 fail, so White removes his e2 bishop from attack with gain of
tempo.}) 20... Qc4 {[#]} (20... Qe4 21. Nxa5 Bh3 {loses to} 22. Bf3) 21. Rd4 $2
(21. Be7 f5 $1 ({not} 21... Bf5 22. Nxa5) 22. Nxa5 Qc7 {wins a piece}) (21.
Bf8+ Kh7 22. Nxa5 Qc7 23. Re8 Qb6+ $1 24. Kh1 Qxa5 25. b4 Qd5 26. Bf3 Qc4 27.
Rfe1 (27. Rd1 Bg4 $1 28. Rxa8 Bxf3 29. gxf3 Qe2 30. Rg1 Qxf3+ 31. Rg2 h4 {
is good for Black}) 27... Qb3 {with a plus for Black, but in view of White’s
bind the win is not simple.}) (21. Bf8+ Kh7 22. Be7 Nc6 $1 23. Na5 $1 {(an
imaginative attacking idea which almost works)} Qe4 $1 (23... Qxf1+ 24. Kxf1
Nxd8 25. Bxd8 Bg4 26. Bxg4 Rxd8 27. Bf3 {isn't clear}) 24. Nxc6 bxc6 25. Bxf6
Bh3 26. gxh3 Rxd8 27. Bxd8 Qd4+ {and wins.}) (21. Bd4 $1 Bf5 22. Rxa8 (22. Nxa5
Qxf1+ 23. Kxf1 Rxd8 24. Nb3 Be6 {and Black wins a piece}) 22... Nxb3 23. Bc3
Nc5 24. Bc2 $1 Nxa4 25. Bxa4 Qxa4 26. Rd8 {threatening Rd6, with drawing
chances. If f6 drops, Black’s king will become permanently exposed.}) 21...
Qe6 $1 (21... Qxb3 22. Bxb3 Nxb3 23. Be7 $1 {gives White excellent drawing
chances.}) 22. Nxa5 b6 23. Bf3 ({White must lose a piece, for example} 23. Rd6
Qe5 24. Rdxf6 Bf5 $1) 23... bxc5 24. Re4 Qd7 {Black has a decisive material
advan­tage but the game continued until White, who was in terrible time
trouble, lost another piece.} 25. Rd1 Qc7 26. Re2 Bg4 27. Bxg4 Qxa5 28. Bd7 Rd8
29. Red2 Qb4 30. h3 g5 31. Kh1 g4 32. Rf2 Rxd7 {Sources: bulletin; John Nunn,
BCM, June 1984, p232} 0-1

[Event "Oakham Young Masters"]
[Site "Oakham"]
[Date "1984.04.12"]
[Round "5.3"]
[White "Georgiev, Kiril"]
[Black "Wells, Peter K"]
[Result "1-0"]
[WhiteElo "2430"]
[BlackElo "2320"]
[PlyCount "47"]
[EventDate "1984.04.08"]
[EventType "swiss"]
[EventRounds "9"]
[EventCountry "ENG"]
[SourceTitle "BritBase"]
[Source "John Saunders"]
[SourceDate "2023.08.08"]
[SourceVersion "1"]
[SourceVersionDate "2023.08.08"]
[SourceQuality "1"]

1. d4 d5 2. c4 e6 3. Nc3 c5 4. cxd5 exd5 5. Nf3 Nc6 6. Bg5 Be7 7. Bxe7 Ngxe7 8.
e3 O-O 9. dxc5 Qa5 10. Be2 Qxc5 11. Rc1 Bg4 12. O-O Rac8 13. Qa4 Bxf3 14. Bxf3
Ne5 15. Be2 Rfd8 16. Rfd1 a6 17. Nxd5 Qxc1 18. Nxe7+ Kh8 19. Nxc8 Qxc8 20.
Rxd8+ Qxd8 21. Qe4 Nc6 22. g3 Qc8 23. Bc4 Qd7 24. Qd5 {source: bulletin} 1-0

[Event "Oakham Young Masters"]
[Site "Oakham"]
[Date "1984.04.12"]
[Round "5.4"]
[White "King, Daniel John"]
[Black "Horvath, Jozsef"]
[Result "1/2-1/2"]
[WhiteElo "2435"]
[BlackElo "2370"]
[PlyCount "159"]
[EventDate "1984.04.08"]
[EventType "swiss"]
[EventRounds "9"]
[EventCountry "ENG"]
[SourceTitle "BritBase"]
[Source "John Saunders"]
[SourceDate "2023.08.08"]
[SourceVersion "1"]
[SourceVersionDate "2023.08.08"]
[SourceQuality "1"]

1. Nf3 Nf6 2. c4 c5 3. Nc3 Nc6 4. d4 cxd4 5. Nxd4 e6 6. g3 Bc5 7. Nb3 Bb4 8.
Bg2 d5 9. cxd5 Nxd5 10. a3 Bxc3+ 11. bxc3 Qf6 12. Qc2 O-O 13. c4 Nde7 14. O-O
e5 15. a4 Rd8 16. Bb2 Qh6 17. Rfd1 Bf5 18. e4 Bg4 19. Rd5 Rac8 20. Rxd8+ Rxd8
21. Bc3 Qh5 22. Bf1 Bd1 23. Qb2 h6 24. a5 Ng6 25. h3 Rd6 26. c5 Rf6 27. a6 bxa6
28. Rxa6 Nf4 29. gxf4 Bxb3 30. f5 Qg5+ 31. Kh1 Bd1 32. Bg2 g6 33. Qd2 Qxd2 34.
Bxd2 Be2 35. Ra2 Bc4 36. Rc2 Bd3 37. Rc3 Bb5 38. Bxh6 gxf5 39. Rg3+ Kh7 40. Bg5
f4 41. Bxf6 fxg3 42. f4 a5 43. fxe5 a4 44. e6 fxe6 45. Bb2 Nb4 46. e5 Kh6 47.
Bb7 Kg5 48. Kg2 Kf4 49. Bc3 Nc2 50. Bd2+ Ne3+ 51. Kg1 a3 52. c6 a2 53. Bc3 Nd5
54. Ba1 Bd3 55. Bc8 Bf5 56. Ba6 Bxh3 57. Bc4 Kf3 58. c7 Nxc7 59. Bxa2 Na6 60.
Bb3 Nc5 61. Bc2 Kf4 62. Bc3 Bf5 63. Bb4 Nd7 64. Bd1 Be4 65. Bd2+ Kxe5 66. Be1
Kf4 67. Bd2+ Kf5 68. Be1 g2 69. Bd2 Ne5 70. Be3 Bd5 71. Bc1 Nf7 72. Kh2 Ne5 73.
Be2 Be4 74. Be3 Ng6 75. Kg3 e5 76. Bg4+ Kf6 77. Bh3 Nf4 78. Kh2 Kg5 79. Bd2 Bf3
80. Be3 {source: bulletin} 1/2-1/2

[Event "Oakham Young Masters"]
[Site "Oakham"]
[Date "1984.04.12"]
[Round "5.6"]
[White "Stohl, Igor"]
[Black "Hodgson, Julian M"]
[Result "1/2-1/2"]
[WhiteElo "2405"]
[BlackElo "2440"]
[PlyCount "145"]
[EventDate "1984.04.08"]
[EventType "swiss"]
[EventRounds "9"]
[EventCountry "ENG"]
[SourceTitle "BritBase"]
[Source "John Saunders"]
[SourceDate "2023.08.08"]
[SourceVersion "1"]
[SourceVersionDate "2023.08.08"]
[SourceQuality "1"]

1. Nf3 Nf6 2. c4 d6 3. g3 e5 4. Bg2 Nc6 5. d4 Bg4 6. d5 Ne7 7. Nc3 g6 8. e4 Bg7
9. Be3 O-O 10. h3 Bc8 11. Qd2 Nh5 12. O-O-O Kh8 13. Ng1 a6 14. Nge2 b5 15. g4
Nf6 16. c5 b4 17. Na4 Rb8 18. b3 Bd7 19. Nb2 a5 20. c6 Nxc6 21. dxc6 Bxc6 22.
Ng3 a4 23. bxa4 b3 24. a3 Qe7 25. Qc3 Ba8 26. Kd2 Nd7 27. Rhg1 c6 28. Nd3 c5
29. Ke2 f5 30. gxf5 gxf5 31. Nh5 f4 32. Bc1 Bf6 33. Kf1 Nb6 34. Nb2 Bc6 35.
Qxb3 Nxa4 36. Qc2 Nb6 37. Bf3 Bh4 38. Kg2 Be8 39. Kh2 Bg6 40. Nc4 Nxc4 41. Qxc4
Bxf2 42. Rg2 Qh4 43. Qe2 Bd4 44. Bd2 Rb3 45. Be1 Qe7 46. Rd3 c4 47. Rxb3 cxb3
48. Bf2 b2 49. Qb5 Bxh5 50. Bxh5 Bxf2 51. Rxf2 Qh4 52. Rxb2 Qxh5 53. Qd3 Qh6
54. Qf3 Qe6 55. Rg2 Rb8 56. Qh5 Qf6 57. Qg4 Rf8 58. a4 d5 59. exd5 e4 60. Qe6
Qxe6 61. dxe6 e3 62. Re2 Kg7 63. e7 Re8 64. Kg2 Kf6 65. Kf3 Kf5 66. a5 Rxe7 67.
a6 Re6 68. a7 Ra6 69. Rb2 Rxa7 70. Rb5+ Kg6 71. Kxf4 Re7 72. Rb1 Kh5 73. Re1 {
source: bulletin} 1/2-1/2

[Event "Oakham Young Masters"]
[Site "Oakham"]
[Date "1984.04.12"]
[Round "5.7"]
[White "Thomson, Craig SM"]
[Black "Levitt, Jonathan P"]
[Result "0-1"]
[WhiteElo "2215"]
[BlackElo "2345"]
[PlyCount "72"]
[EventDate "1984.04.08"]
[EventType "swiss"]
[EventRounds "9"]
[EventCountry "ENG"]
[SourceTitle "BritBase"]
[Source "John Saunders"]
[SourceDate "2023.08.08"]
[SourceVersion "1"]
[SourceVersionDate "2023.08.08"]
[SourceQuality "1"]

1. d4 Nf6 2. Nf3 e6 3. c4 b6 4. a3 Bb7 5. Nc3 d5 6. cxd5 Nxd5 7. e3 g6 8. Bb5+
c6 9. Bd3 Bg7 10. e4 Nxc3 11. bxc3 O-O 12. Be3 c5 13. O-O cxd4 14. cxd4 Nc6 15.
e5 Qd7 16. Qe2 Na5 17. Rad1 Qd5 18. Rb1 Rac8 19. Rb5 Qd7 20. Ng5 Ba6 21. Ne4
Bxb5 22. Bxb5 Qd5 23. Bd3 f6 24. exf6 Bxf6 25. Nxf6+ Rxf6 26. Qg4 Nc6 27. Be4
Qd6 28. d5 Ne7 29. Qg5 exd5 30. Bxd5+ Kh8 31. Bb3 Rf5 32. Qh4 Rc3 33. Qa4 b5
34. Qxa7 Rxb3 35. f4 Nc6 36. Qa8+ Rf8 {source: bulletin} 0-1

[Event "Oakham Young Masters"]
[Site "Oakham"]
[Date "1984.04.12"]
[Round "5.8"]
[White "Klinger, Josef"]
[Black "Hjorth, Greg"]
[Result "1/2-1/2"]
[WhiteElo "2310"]
[BlackElo "2415"]
[PlyCount "39"]
[EventDate "1984.04.08"]
[EventType "swiss"]
[EventRounds "9"]
[EventCountry "ENG"]
[SourceTitle "BritBase"]
[Source "John Saunders"]
[SourceDate "2023.08.08"]
[SourceVersion "1"]
[SourceVersionDate "2023.08.08"]
[SourceQuality "1"]

1. e4 e6 2. d4 d5 3. Nd2 Nc6 4. Ngf3 Be7 5. Bb5 a6 6. Bxc6+ bxc6 7. Ne5 Bb7 8.
Qg4 g6 9. Qf4 Nf6 10. Nxf7 Kxf7 11. e5 Kg7 12. exf6+ Bxf6 13. Nf3 Rf8 14. Qg3
c5 15. h4 h5 16. Qf4 Kg8 17. Qg3 Bg7 18. Qxg6 Qf6 19. Qxf6 Rxf6 20. Bg5 {
source: bulletin} 1/2-1/2

[Event "Oakham Young Masters"]
[Site "Oakham"]
[Date "1984.04.12"]
[Round "5.9"]
[White "Howell, James C"]
[Black "Kozul, Zdenko"]
[Result "0-1"]
[WhiteElo "2320"]
[BlackElo "2405"]
[PlyCount "94"]
[EventDate "1984.04.08"]
[EventType "swiss"]
[EventRounds "9"]
[EventCountry "ENG"]
[SourceTitle "BritBase"]
[Source "John Saunders"]
[SourceDate "2023.08.08"]
[SourceVersion "1"]
[SourceVersionDate "2023.08.08"]
[SourceQuality "1"]

1. e4 c5 2. Nf3 d6 3. d4 cxd4 4. Nxd4 Nf6 5. Nc3 Nc6 6. Bg5 e6 7. Qd2 a6 8.
O-O-O Bd7 9. Be2 b5 10. Nxc6 Bxc6 11. Qe3 Be7 12. e5 Ng4 13. Bxg4 Bxg5 14. f4
Be7 15. exd6 Bxd6 16. Bf3 Qc7 17. Bxc6+ Qxc6 18. f5 Rc8 19. Qd4 b4 20. Qxg7 Rf8
21. Rd3 bxc3 22. Rxc3 Qb7 23. Rxc8+ Qxc8 24. Rd1 Qc5 25. fxe6 fxe6 26. a3 Rf2
27. Qg8+ Kd7 28. Qxh7+ Kc6 29. Qe4+ Kc7 30. Kb1 Qf5 31. Qc4+ Qc5 32. Qa4 Rxg2
33. Rd3 Qb5 34. Qe4 Rg1+ 35. Ka2 Be5 36. Rb3 Qd5 37. Qb4 Kd7 38. Qb6 Rh1 39. h3
a5 40. Qa7+ Bc7 41. Qa6 Rxh3 42. c4 Qf5 43. Rxh3 Qxh3 44. b4 Qg2+ 45. Kb3 Qf3+
46. Ka2 Qe2+ 47. Kb3 Qd1+ {source: bulletin} 0-1

[Event "Oakham Young Masters"]
[Site "Oakham"]
[Date "1984.04.12"]
[Round "5.10"]
[White "Hofmann, Michael"]
[Black "Cramling, Pia"]
[Result "0-1"]
[WhiteElo "2230"]
[BlackElo "2405"]
[PlyCount "76"]
[EventDate "1984.04.08"]
[EventType "swiss"]
[EventRounds "9"]
[EventCountry "ENG"]
[SourceTitle "BritBase"]
[Source "John Saunders"]
[SourceDate "2023.08.08"]
[SourceVersion "1"]
[SourceVersionDate "2023.08.08"]
[SourceQuality "1"]

1. e4 c5 2. Nf3 e6 3. b3 b6 4. d4 cxd4 5. Nxd4 a6 6. Bb2 d6 7. Bd3 Nf6 8. c4
Bb7 9. Nc3 Nbd7 10. Bc2 g6 11. O-O Bg7 12. Qd2 Nc5 13. f3 O-O 14. Rfd1 Re8 15.
Rac1 Bf8 16. Bd3 Qc7 17. Bf1 Rad8 18. Nde2 Ncd7 19. Ba3 Qc8 20. Qf4 Nh5 21. Qe3
Qb8 22. Kh1 Nc5 23. Qf2 Qa8 24. Bb2 Be7 25. Rc2 Qb8 26. Bc1 Ba8 27. Nf4 Nf6 28.
Nd3 d5 29. cxd5 exd5 30. Nxd5 Nxd5 31. exd5 Rxd5 32. Rcd2 Rh5 33. g4 Rd5 34.
Ne1 Rxd2 35. Rxd2 Qc8 36. Ng2 Bg5 37. Rd1 Bxc1 38. Rxc1 Nd3 {source: bulletin}
0-1

[Event "Oakham Young Masters"]
[Site "Oakham"]
[Date "1984.04.12"]
[Round "5.14"]
[White "Wong, Meng Kong"]
[Black "D'Amore, Carlo"]
[Result "0-1"]
[WhiteElo "2365"]
[BlackElo "2310"]
[PlyCount "102"]
[EventDate "1984.04.08"]
[EventType "swiss"]
[EventRounds "9"]
[EventCountry "ENG"]
[SourceTitle "BritBase"]
[Source "John Saunders"]
[SourceDate "2023.08.08"]
[SourceVersion "1"]
[SourceVersionDate "2023.08.08"]
[SourceQuality "1"]

1. Nf3 Nf6 2. c4 g6 3. b3 Bg7 4. Bb2 d6 5. g3 O-O 6. Bg2 e5 7. O-O Re8 8. d3 a5
9. a3 Nbd7 10. Qc2 c6 11. Nbd2 Qe7 12. e4 Nc5 13. Rfe1 Nfd7 14. Bc3 Ne6 15. Bf1
Qd8 16. Qb2 Qb6 17. b4 a4 18. Qa2 Re7 19. Rab1 Nd4 20. Rec1 Qa7 21. Qa1 c5 22.
Qa2 b6 23. Re1 Bb7 24. Bh3 Nxf3+ 25. Nxf3 Bc8 26. Qb2 cxb4 27. Bxb4 Qc7 28.
Red1 Qc6 29. Ne1 Rb8 30. Qc2 Bh6 31. Qe2 Nc5 32. Bxc8 Rxc8 33. Bxc5 dxc5 34.
Rb2 Rb8 35. Rdb1 f5 36. exf5 gxf5 37. Qh5 Qe6 38. Ng2 e4 39. Nh4 Rf7 40. dxe4
fxe4 41. Qe2 Bg7 42. Rc2 Bd4 43. Qh5 Rbf8 44. Rd1 e3 45. Ng2 Rxf2 46. Re2 Rxe2
47. Qxe2 Rf2 48. Qh5 e2 49. Qg5+ Kh8 50. Qd8+ Rf8+ 51. Rxd4 e1=Q+ {source:
bulletin} 0-1

[Event "Oakham Young Masters"]
[Site "Oakham"]
[Date "1984.04.12"]
[Round "5.16"]
[White "Gil Gonzalez, Jose Manuel"]
[Black "Bradbury, Neil H"]
[Result "1-0"]
[WhiteElo "2300"]
[BlackElo "2395"]
[PlyCount "81"]
[EventDate "1984.04.08"]
[EventType "swiss"]
[EventRounds "9"]
[EventCountry "ENG"]
[SourceTitle "BritBase"]
[Source "John Saunders"]
[SourceDate "2023.08.08"]
[SourceVersion "1"]
[SourceVersionDate "2023.08.08"]
[SourceQuality "1"]

1. d4 Nf6 2. c4 e6 3. Nf3 b6 4. Bf4 c5 5. d5 exd5 6. cxd5 d6 7. Nc3 a6 8. a4 g6
9. e4 Bg4 10. Be2 Bg7 11. O-O O-O 12. h3 Bxf3 13. Bxf3 Ne8 14. Qd2 Nd7 15. Rab1
Qc7 16. Rfc1 Ne5 17. Be2 f5 18. Be3 Qf7 19. f4 Nd7 20. exf5 gxf5 21. b4 Ra7 22.
Kh2 Kh8 23. a5 b5 24. Bf3 Ra8 25. Ne2 Qe7 26. bxc5 dxc5 27. d6 Nxd6 28. Bxa8
Rxa8 29. Ng3 Rc8 30. Rd1 Nc4 31. Nxf5 Nxd2 32. Nxe7 Re8 33. Rxd2 Rxe7 34. Bxc5
Nxc5 35. Rd8+ Bf8 36. Rxf8+ Kg7 37. Rc8 Nd3 38. Rc6 Nxf4 39. Rf1 Re4 40. Rxa6
b4 41. Rb6 {source: bulletin} 1-0